000 00626nam a22001817a 4500
003 DO-SdBNP
005 20220117110845.0
008 220117b2012 ||||| |||| 00| 0 spa d
040 _aDO-SdBNP
_bspa
_cBNPHU
082 _axxx
_bR426p
110 _aRepública Dominicana.
_bPresidencia de República Dominicana.
_ePrograma Solidadridad
_980947
245 _aPromoviendo derechos y más oportunidades :
_bmemorias y logros 2006-2011
260 _aSanto Domingo :
_bPresidencia de la República Dominicana,
_c2012
300 _a139 p. :
_bil. ;
_c27 cm
590 _aInventariado, 2022 / DG
910 _aD/G
942 _2ddc
_cLBS1
999 _c51174
_d51174